000 00841cam a22001694a 4500
005 20250605163659.0
008 250528s ||||||||||||||||||||||||d
035 _a24205
040 _aGR-AtMCL
_bgre
_dGR-AtMCL
_eAACR2
245 1 _aΗ Ευρωπαϊκή Κοινότητα και η Λατινική Αμερική
260 _bΕπιτροπή Των Ευρωπαϊκών Κοινοτήτων,
_c1991
300 _a6
520 _aΜισ Συνεργασία με Πολλούς Τομείς, Αναθέρμανση των Οικονομιών, Παροχή Βοήθειας στα Πλέον Μειονεκτούντα Άτομα, Στήριξη της Περιφερειακής Ολοκλήρωσης, Για μια Ενισχυμένη Συνεργασία.
942 _cCR
999 _c9099
_d9099